Macroeconomics (Record no. 3115)

MARC details
005 - DATE AND TIME OF LATEST TRANSACTION
control field 20250603155443.0
020 ## - INTERNATIONAL STANDARD BOOK NUMBER
International Standard Book Number 0-07-231795-7
082 ## - DEWEY DECIMAL CLASSIFICATION NUMBER
Classification number T E A LECT 339 COL
100 ## - MAIN ENTRY--PERSONAL NAME
Author name COLANDER, D .C .
245 ## - TITLE STATEMENT
Title Macroeconomics
250 ## - EDITION STATEMENT
Edition statement 4th
260 ## - PUBLICATION, DISTRIBUTION, ETC.
Place of publication, distribution, etc. Boston,
Name of publisher, distributor, etc. McGraw-Hill,
Date of publication, distribution, etc. 2001.
300 ## - PHYSICAL DESCRIPTION
Extent xxiv, 463p.: ill.; figure, table,
Other physical details glossary & index,
Dimensions 25cm.
942 ## - ADDED ENTRY ELEMENTS (KOHA)
Source of classification or shelving scheme Dewey Decimal Classification
Koha item type Books
Holdings
Date last seen Total checkouts Full call number Barcode Cost, replacement price Price effective from Koha item type Lost status Source of classification or shelving scheme Damaged status Not for loan Withdrawn status Home library Current library Shelving location Date acquired Cost, normal purchase price
06/03/2025   T E A LECT 339 COL 00000010956 225000.00 06/03/2025 Books   Dewey Decimal Classification       College of Business Education Main Library College of Business Education Main Library General Collection 04/22/2005 75000.00
06/03/2025   T E A LECT 339 COL 00000010957 225000.00 06/03/2025 Books   Dewey Decimal Classification       College of Business Education Main Library College of Business Education Main Library General Collection 04/22/2005 75000.00
06/03/2025   T E A LECT 339 COL 00000010958 225000.00 06/03/2025 Books   Dewey Decimal Classification       College of Business Education Main Library College of Business Education Main Library General Collection 04/22/2005 75000.00